Vantaan naapurikunnat - Statistics

Yleistilastot
  • Tätä visaa on pelattu 90 kertaa
  • Keskiarvotulos 5 / 6
Vastaustilastot
Naapurikunnat % Oikein
Helsinki
100%
Espoo
95%
Sipoo
87%
Kerava
85%
Tuusula
85%
Nurmijärvi
79%
Ehtoja vastaavia visoja ei löytynyt
Tulosjakauma
Jokaisen tuloksen saaneiden osuus
Persentiili vastausten määrän mukaan
Tuloshistoriasi
Et ole pelannut tätä visaa